ბათუმის შოთა რუსთაველის სახელმწიფო უნივერსიტეტის ბიბლიოთეკა

Саентология 0-8 : (ბიბ.ჩანაწერი № 58307)

000 -LEADER
fixed length control field 00600nam a22001817a 4500
005 - DATE AND TIME OF LATEST TRANSACTION
control field 20211102160604.0
008 - FIXED-LENGTH DATA ELEMENTS--GENERAL INFORMATION
fixed length control field 211102s2007 enk||||| |||| 00| 0 rus d
020 ## - INTERNATIONAL STANDARD BOOK NUMBER
International Standard Book Number 9788779899919
041 ## - LANGUAGE CODE
Language code of text/sound track or separate title rus
080 ## - UNIVERSAL DECIMAL CLASSIFICATION NUMBER
Universal Decimal Classification number 159.964 Х-12
100 ## - MAIN ENTRY--PERSONAL NAME
Personal name Хаббард, Рональд Лафайет
9 (RLIN) 12701
245 ## - TITLE STATEMENT
Title Саентология 0-8 :
Remainder of title Книга основ /
Statement of responsibility, etc. Л. Рон Хаббард.
264 ## - PRODUCTION, PUBLICATION, DISTRIBUTION, MANUFACTURE, AND COPYRIGHT NOTICE
Place of production, publication, distribution, manufacture М. :
Name of producer, publisher, distributor, manufacturer "Нью Эра",
Date of production, publication, distribution, manufacture, or copyright notice 2007.
300 ## - PHYSICAL DESCRIPTION
Extent 539 с. :
Other physical details ил. ;
Dimensions 24 см.
653 ## - INDEX TERM--UNCONTROLLED
keyword დიანეტიკა
653 ## - INDEX TERM--UNCONTROLLED
keyword საენტოლოგია
942 ## - ADDED ENTRY ELEMENTS (KOHA)
Source of classification or shelving scheme
Koha item type წიგნი

არაა ხელმისაწვდომი ეგზემპლარები.